=LDR 00000nam 2200000 4500 =001 INLIS000000000022922 =005 20130612121629 =008 ***********************************Ind** =035 ##$$0010-061300000022922 =041 ##$$a Ind =082 ##$$a 780.4 =090 ##$$a 780.4, Mul-i =100 ##$$a Mulyanto, Eko S =245 ##$$a Iringan musik pop dengan piano =260 ##$$a 2006 $b Jakarta =300 ##$$a vii, 104 hlm., ilus., 28 cm =650 ##$$a Musik pop =850 ##$$a NBPNMAT